| 000 | 00750nam a2200217 4500 | ||
|---|---|---|---|
| 003 | OSt | ||
| 005 | 20240715052658.0 | ||
| 006 | a | ||
| 008 | 240715b |||||||| |||| 00| 0 eng d | ||
| 020 | _a9781412936422 | ||
| 040 |
_aDWCL-Main lib. _cOC |
||
| 082 | _aCirc. 372.41 C264b 2007 | ||
| 100 | _aCarbo, Marie | ||
| 245 | _aBecoming a great teacher of reading : achieving high rapid reading gains with powerful, differentiated strategies / | ||
| 260 |
_aThousands Oaks, Calif. : _bCorwin Press, _cc2007. |
||
| 300 |
_ax, _b232 p. : ill. ; _c26 cm. |
||
| 504 | _aIncludes bibliographical references & index. | ||
| 650 | _a1. Reading-United States. | ||
| 650 | _a2. Reading-Remedial teaching-United States. | ||
| 942 |
_2ddc _n0 _cBK-CIRC _kCirc. |
||
| 999 |
_c2176 _d2176 |
||